| 000 | 00802nam a2200205 a 4500 | ||
|---|---|---|---|
| 003 | 0 | ||
| 005 | 20250618160519.0 | ||
| 008 | 021121s19uu xx 00 eng d | ||
| 050 |
_aPGS LB 1044.88 _b.C112 2000 |
||
| 100 | _aCabañez, Alia Maureen A. | ||
| 245 |
_aThe use of learning resources of selected students of Southville International School / _cAlia Maureen A. Cabañez. |
||
| 260 |
_aLas Piñas City, Philippines : _bSouthville International School and Colleges, _c2000. |
||
| 300 |
_a24 pages : _bcolored illustrations ; _c28 cm. |
||
| 504 | _aIncludes bibliographical references. | ||
| 650 | _aInstructional materials. | ||
| 650 |
_aElementary school students _vBooks and reading. |
||
| 650 | _aEducational technology. | ||
| 650 |
_aSchool libraries _vUse studies. |
||
| 942 |
_2lcc _cPASS |
||
| 999 |
_c96323 _d96323 |
||